000 00577nam a2200205Ia 4500
005 20250508162453.0
008 008 250505s9999 xx 000 0 hin d
037 _aBooks to be hide in OPAC
040 _aFEDL
_beng
_cFEDL
041 _ahin
_2eng
084 _a001.4, SUK
_qFEDL
100 _aSukhiya S P
_9773042
245 0 _aShiksha may kriyatamk anushandhan
260 _aLucknow, India
_bUttar Pardesh Hindi Granth Akademi
_c1975
300 _a168p.
365 _aINR
_b9
650 _aResearch
942 _cHB
_h001.4, SUK
999 _c1376758
_d1376758